| 000 | 00648nam a22002177a 4500 | ||
|---|---|---|---|
| 005 | 20250904123056.0 | ||
| 008 | 250904b |||||||| |||| 00| 0 eng d | ||
| 037 | _cTB | ||
| 040 |
_aCRL _cCRL |
||
| 041 |
_2SIN _aSIN |
||
| 084 |
_aO1593,6NKHx R1 _bCRL |
||
| 100 |
_aKhilwani, Mahesh _9819972 |
||
| 245 | _aAdabee mazmoon | ||
| 260 |
_aAhmedabad, India: _bScan computers, _c2021. |
||
| 300 | _a82+80p. | ||
| 365 |
_b350.00 _cINR |
||
| 650 | _aSindhi Literature | ||
| 650 |
_aSindhi Prose _9819829 |
||
| 942 |
_2CC _cTB _hO1593,6NKHx R1 _n0 |
||
| 999 |
_c1435170 _d1435170 |
||